Conn's current therapy 2014 / (Record no. 1306)
[ view plain ]
| 000 -LEADER | |
|---|---|
| fixed length control field | 01840cam a2200349Ki 4500 |
| 005 - DATE AND TIME OF LATEST TRANSACTION | |
| control field | 20260322212055.0 |
| 006 - FIXED-LENGTH DATA ELEMENTS--ADDITIONAL MATERIAL CHARACTERISTICS | |
| fixed length control field | data |
| 007 - PHYSICAL DESCRIPTION FIXED FIELD--GENERAL INFORMATION | |
| fixed length control field | data |
| 008 - FIXED-LENGTH DATA ELEMENTS--GENERAL INFORMATION | |
| fixed length control field | data |
| 020 ## - INTERNATIONAL STANDARD BOOK NUMBER | |
| International Standard Book Number | 9781455702961 (electronic bk.) |
| 020 ## - INTERNATIONAL STANDARD BOOK NUMBER | |
| International Standard Book Number | 145570296X (electronic bk.) |
| 020 ## - INTERNATIONAL STANDARD BOOK NUMBER | |
| International Standard Book Number | 145570296X |
| 040 ## - CATALOGING SOURCE | |
| Original cataloging agency | OPELS |
| Language of cataloging | eng |
| Description conventions | pn |
| -- | pn |
| Transcribing agency | OPELS |
| Modifying agency | OPELS |
| -- | YDXCP |
| -- | OPELS |
| 050 #4 - LIBRARY OF CONGRESS CALL NUMBER | |
| Classification number | RM101 |
| 082 04 - DEWEY DECIMAL CLASSIFICATION NUMBER | |
| Classification number | 615.5 |
| Edition information | 23 |
| 096 ## - LOCALLY ASSIGNED NLM-TYPE CALL NUMBER (OCLC) | |
| Classification number | WB 300 C752 2014 |
| 001 - CONTROL NUMBER | |
| control field | data |
| 100 1# - MAIN ENTRY--PERSONAL NAME | |
| Personal name | Bope, Edward T., |
| Relator term | author. |
| 245 10 - TITLE STATEMENT | |
| Title | Conn's current therapy 2014 / |
| Statement of responsibility, etc. | Edward T. Bope & Rick D. Kellerman. |
| 260 ## - PUBLICATION, DISTRIBUTION, ETC. | |
| Name of publisher, distributor, etc. | Elsevier, |
| Date of publication, distribution, etc. | 2014 |
| 264 #1 - PRODUCTION, PUBLICATION, DISTRIBUTION, MANUFACTURE, AND COPYRIGHT NOTICE | |
| Place of production, publication, distribution, manufacture | [Place of publication not identified] : |
| Name of producer, publisher, distributor, manufacturer | Saunders, |
| Date of production, publication, distribution, manufacture, or copyright notice | [2014?] |
| 300 ## - PHYSICAL DESCRIPTION | |
| Extent | 1 online resource. |
| 336 ## - CONTENT TYPE | |
| Content type term | text |
| Content type code | txt |
| Source | rdacontent |
| 337 ## - MEDIA TYPE | |
| Media type term | computer |
| Media type code | c |
| Source | rdamedia |
| 338 ## - CARRIER TYPE | |
| Carrier type term | online resource |
| Carrier type code | cr |
| Source | rdacarrier |
| 490 0# - SERIES STATEMENT | |
| Series statement | Conns current therapy |
| 520 ## - SUMMARY, ETC. | |
| Summary, etc. | Conn's Current Therapy 2014 is an easy-to-use, in-depth guide to the latest advances in therapeutics for common complaints, acute disease and chronic illness. Family medicine experts, Drs. Edward T. Bope and Rick D. Kellerman present the expertise and knowledge of hundreds of skilled international leaders on evidence-based clinical management options. With key diagnostic points and treatment recommendation tables, you'll have access to the information you need to make accurate clinical decisions. Apply the proven treatment strategies of hundreds of top experts in family and internal medicine.Get quick access to critical information with "Current Diagnosis" and "Current Therapy" boxes at the beginning of each chapter as well as standardized diagnostic points and clinical recommendation tables. |
| 588 ## - SOURCE OF DESCRIPTION NOTE | |
| Source of description note | Description based on publisher supplied information. |
| 650 #0 - SUBJECT ADDED ENTRY--TOPICAL TERM | |
| Topical term or geographic name entry element | Therapeutics. |
| 655 #4 - INDEX TERM--GENRE/FORM | |
| Genre/form data or focus term | Electronic books. |
| 700 1# - ADDED ENTRY--PERSONAL NAME | |
| Personal name | Kellerman, Rick D., |
| Relator term | author. |
| Withdrawn status | Lost status | Damaged status | Not for loan | Home library | Current library | Shelving location | Date acquired | Total checkouts | Full call number | Barcode | Date last seen | Price effective from | Koha item type |
|---|---|---|---|---|---|---|---|---|---|---|---|---|---|
| Riverside | Riverside | General stacks | 22/03/2026 | 615.5 23 | BC0011349 | 22/03/2026 | 22/03/2026 | Books |